| 000 | 01020nam a22002897a 4500 | ||
|---|---|---|---|
| 003 | CHAP | ||
| 005 | 20220329143341.0 | ||
| 008 | 081111s1999 mx o r 00010 spa d | ||
| 010 | _a95365 | ||
| 011 | _a96337 | ||
| 035 | _a106987 | ||
| 040 | _cCHAP | ||
| 082 | 0 | 4 |
_a778.92097243 _bV24 |
| 100 | 1 |
_aValtierra Ruvalcaba, Pedro _9117682 |
|
| 245 | 1 | 0 |
_aZacatecas : _bfotografías de Pedro Valtierra Ruvalcaba ; textos de Ana Luisa Anza, Víctor del Real y Severino Salazar |
| 260 |
_aMéxico, D.F. : _bColegio de Bachilleres del Estado de Zacatecas, _c1999 |
||
| 300 |
_a96 p. : _bfotografías |
||
| 590 |
_aBATCH-UPD _b10 _c20130110 _lUCH01 _h2040 |
||
| 590 |
_aBATCH-UPD _b10 _c20130410 _lUCH01 _h1355 |
||
| 590 |
_aBATCH-UPD _b10 _c20130914 _lUCH01 _h1434 |
||
| 590 |
_aCONVERSION _b10 _c20130109 _lUCH01 _h1353 |
||
| 650 | 0 | 4 |
_aZacatecas _xDescripción y viaje. _9123405 |
| 650 | 1 | 4 |
_aFotografía. _942710 |
| 901 | _aBK | ||
| 942 | _cLIBRO | ||
| 949 |
_a778.92097243 V24 _bBC _cLIBRO _d33724002078199 _eLIBRO _h109849 _i106987 _sb |
||
| 999 |
_c95365 _d95365 |
||